Every Six Flags Roller Coaster - Statistics

General Stats
  • This quiz has been taken 120 times
  • The average score is 135 of 293
Answer Stats
Park Answer % Correct
Six Flags Mexico Superman el Ultimo Escape
85%
Six Flags Magic Mountain Superman: Escape from Krypton
85%
Six Flags Fiesta Texas | Six Flags Mexico Superman Krypton Coaster
85%
Six Flags America Superman - Ride of Steel
85%
Six Flags New England Superman the Ride
85%
Six Flags Discovery Kingdom | Six Flags Great Adventure Superman Ultimate Flight
85%
Six Flags Great America | Six Flags Over Georgia Superman - Ultimate Flight
85%
Canada's Wonderland | Kings Island Bat
83%
Six Flags Discovery Kingdom Batman
79%
Six Flags New England Batman - The Dark Knight
79%
Six Flags Fiesta Texas | Six Flags Great Adventure | Six Flags Great America | +5 others Batman The Ride
79%
La Ronde | Six Flags Great America | Six Flags Magic Mountain | Six Flags Over Georgia Goliath
79%
Six Flags Discovery Kingdom | Six Flags Great Adventure | Six Flags Great America | +3 others Joker
77%
Six Flags Over Georgia Joker Funhouse Coaster
77%
Six Flags America Joker's Jinx
77%
Six Flags Discovery Kingdom | Six Flags Great Adventure Medusa
74%
Six Flags Mexico Medusa Steel Coaster
74%
Six Flags Darien Lake | Six Flags Great America | Six Flags Magic Mountain Viper
74%
Cedar Point Millennium Force
72%
Cedar Point Steel Vengeance
72%
Six Flags Mexico Wonder Woman
72%
Cedar Point Maverick
70%
California's Great America | Six Flags Great America Demon
68%
California's Great America | Worlds of Fun Patriot
68%
Six Flags Magic Mountain Wonder Woman Flight of Courage
68%
Six Flags Fiesta Texas Wonder Woman Golden Lasso Coaster
68%
Cedar Point Gatekeeper
66%
California's Great America RailBlazer
66%
Canada's Wonderland Yukon Striker
66%
Frontier City Diamond Back
64%
Kings Island Diamondback
64%
Canada's Wonderland Leviathan
64%
Cedar Point Magnum XL-200
64%
Cedar Point Top Thrill 2
64%
Six Flags Magic Mountain X2
64%
Kings Island Beast
62%
Carowinds Fury 325
62%
Knott's Berry Farm GhostRIder
62%
Cedar Point Raptor
62%
Six Flags Magic Mountain Twisted Colossus
62%
California's Great America | Carowinds | Dorney Park | +2 others Woodstock Express
62%
Knott's Berry Farm Xcelerator
62%
Six Flags Fiesta Texas Iron Rattler
60%
Kings Island Orion
60%
Kings Dominion Pantherian
60%
Carowinds Thunder Striker
60%
Canada's Wonderland | Carowinds Vortex
60%
Cedar Point | Dorney Park Wild Mouse
60%
Cedar Point | Michigan's Adventure Woodstock Express
60%
Kings Island Banshee
57%
Canada's Wonderland Behemoth
57%
Cedar Point Blue Streak
57%
Cedar Point | Michigan's Adventure | Valleyfair! Corkscrew
57%
Six Flags Great Adventure El Toro
57%
Six Flags Discovery Kingdom | Six Flags Great Adventure | Six Flags Great America Flash: Vertical Velocity
57%
Cedar Point Gemini
57%
Six Flags Fiesta Texas | Six Flags Over Georgia Kid Flash Cosmic Coaster
57%
Six Flags Magic Mountain | Six Flags St. Louis Ninja
57%
Six Flags Magic Mountain Scream!
57%
California's Great America | Canada's Wonderland Flight Deck
55%
California's Great America Gold Striker
55%
California's Great America | Kings Dominion Grizzly
55%
Kings Island Mystic TImbers
55%
Six Flags Over Texas New Texas Giant
55%
Canada's Wonderland Snoopy's Racing Railway
55%
Kings Island Snoopy's Soap Box Racers
55%
Knott's Berry Farm Snoopy's Tenderpaw Twister Coaster
55%
Six Flags Magic Mountain Tatsu
55%
Carowinds Copperhead Strike
53%
Kings Dominion | Kings Island Flight of Fear
53%
Kings Island Racer
53%
Six Flags Great America Raging Bull
53%
Cedar Point Rougarou
53%
Cedar Point Valravn
53%
Six Flags Great Adventure Jersey Devil Coaster
51%
Six Flags Over Georgia Riddler Mindbender
51%
Six Flags New England Riddler Revenge
51%
Six Flags Magic Mountain Riddler's Revenge
51%
Six Flags Over Georgia Twisted Cyclone
51%
Six Flags Magic Mountain West Coast Racers
51%
Carowinds Afterburn
49%
Six Flags Great America American Eagle
49%
Carowinds Carolina Cyclone
49%
Knott's Berry Farm HangTime
49%
Six Flags Great Adventure Nitro
49%
Frontier City | Knott's Berry Farm Silver Bullet
49%
Canada's Wonderland | Kings Dominion | Kings Island Backlot Stunt Coaster
47%
La Ronde | Six Flags Darien Lake | Six Flags Discovery Kingdom | +2 others Boomerang
47%
Six Flags Fiesta Texas Boomerang Coast to Coaster
47%
Canada's Wonderland Fly
47%
Six Flags Great Adventure Harley Quinn Crazy Coasters
47%
Six Flags Magic Mountain New Revolution
47%
Kings Dominion Twisted Timbers
47%
Kings Dominion Dominator
45%
Cedar Point Iron Dragon
45%
Michigan's Adventure Shivering TImbers
45%
Cedar Point Siren's Curse
45%
Carowinds | Cedar Point Wilderness Run
45%
Kings Island Adventure Express
43%
Canada's Wonderland AlpenFury
43%
Knott's Berry Farm Coast Rider
43%
Carowinds Hurler
43%
Kings Island Invertigo
43%
Six Flags Great America Maxx Force
43%
Six Flags Over Texas Mr. Freeze
43%
Six Flags St. Louis Mr. Freeze Reverse Blast
43%
Knott's Berry Farm Pony Express
43%
Kings Dominion Racer 75
43%
Six Flags Darien Lake Ride of Steel
43%
Knott's Berry Farm Sierra Sidewinder
43%
Dorney Park Talon
43%
Six Flags New England Wicked Cyclone
43%
Cedar Point Cedar Creek Mine Ride
40%
Six Flags Magic Mountain Full Throttle
40%
Six Flags Fiesta Texas Poltergeist
40%
Canada's Wonderland Time Warp
40%
Six Flags Over Texas Titan
40%
Valleyfair! Wild Thing
40%
Six Flags Great America X-Flight
40%
Six Flags Magic Mountain Apocalypse the Ride
38%
Six Flags America Batwing
38%
La Ronde Dragon
38%
Six Flags Magic Mountain Gold Rusher
38%
Knott's Berry Farm Jaguar!
38%
California's Great America Lucy's Crabby Cabbies
38%
Worlds of Fun Mamba
38%
Six Flags Fiesta Texas | Six Flags New England | Six Flags Over Texas | Six Flags St. Louis Pandemonium
38%
Kings Dominion Rapterra
38%
Six Flags St. Louis American Thunder
36%
Six Flags America Firebird
36%
Six Flags Over Georgia Great American Scream Machine
36%
Dorney Park Iron Menace
36%
California's Great America Psycho Mouse
36%
Valleyfair! Renegade
36%
Six Flags America Roar
36%
Dorney Park Steel Force
36%
Six Flags Great America Whizzer
36%
Frontier City Wildcat
36%
Michigan's Adventure Wolverine Wildcat
36%
Kings Dominion Apple Zapple
34%
Canada's Wonderland Dragon Fyre
34%
Canada's Wonderland Ghoster Coaster
34%
Kings Dominion Great Pumpkin Coaster
34%
Canada's Wonderland Mighty Canadian Minebuster
34%
Six Flags Discovery Kingdom Roadrunner Express
34%
Six Flags Fiesta Texas | Six Flags Magic Mountain Road Runner Express
34%
Dorney Park | Michigan's Adventure Thunderhawk
34%
La Ronde Vampire
34%
Six Flags Great America Wrath of Rakshasa
34%
Six Flags Great Adventure | Six Flags Great America | Six Flags Mexico Dark Knight
32%
Six Flags Fiesta Texas Dr. Diabolical's Cliffhanger
32%
Six Flags Over Georgia Georgia Scorcher
32%
Dorney Park Hydra the Revenge
32%
Six Flags Over Texas Judge Roy Scream
32%
Six Flags Darien Lake Mind Eraser
32%
Dorney Park Possessed
32%
Six Flags Great Adventure | Six Flags Over Texas Runaway Mine Train
32%
Canada's Wonderland Wilde Beast
32%
Six Flags Great Escape Bobcat
30%
Six Flags Over Georgia Dare Devil Dive
30%
Valleyfair! Excalibur
30%
Six Flags Magic Mountain Magic Flyer
30%
La Ronde Monstre
30%
Knott's Berry Farm Montezooma's Revenge
30%
Six Flags Darien Lake Predator
30%
Six Flags Over Texas Shock Wave
30%
Six Flags Magic Mountain Speedy Gonzales Hot Rod Racers
30%
Six Flags Great America Sprocket Rockets
30%
Six Flags Darien Lake Tantrum
30%
Kings Dominion Tumbili
30%
Six Flags America Wild One
30%
Six Flags St. Louis Boss
28%
Carowinds Carolina Goldrusher
28%
Six Flags Great Escape | Six Flags New England Flashback
28%
Carowinds Kiddy Hawk
28%
Six Flags Discovery Kingdom Kong
28%
Worlds of Fun Prowler
28%
Six Flags Great Adventure Skull Mountain
28%
Carowinds Snoopy's Racing Railway
28%
Six Flags Great Escape Steamin' Demon
28%
Canada's Wonderland Wonder Mountain's Guardian
28%
Kings Island Woodstock's Air Rail
28%
Michigan's Adventure Zach's Zoomer
28%
Six Flags Over Georgia Blue Hawk
26%
Six Flags Discovery Kingdom Cobra
26%
Six Flags Great Adventure Lil' Devil Coaster
26%
Six Flags Great America Little Dipper
26%
Michigan's Adventure | Valleyfair! Mad Mouse
26%
Six Flags Over Texas Mini Mine Train
26%
Six Flags Darien Lake Moto Coaster
26%
Six Flags New England Quantum Accelerator
26%
Six Flags St. Louis Screamin' Eagle
26%
Valleyfair! Steel Venom
26%
Canada's Wonderland Taxi Jam
26%
Six Flags Great Escape | Six Flags Magic Mountain Canyon Blaster
23%
Six Flags New England Catwoman's Whip
23%
Frontier City Frankie's Mine Train
23%
Kings Dominion Reptilian
23%
Carowinds Ricochet
23%
Six Flags Over Texas Runaway Mountain
23%
Frontier City Steel Lasso
23%
Worlds of Fun Timber Wolf
23%
Worlds of Fun Zambezi Zinger
23%
Six Flags Over Texas Aquaman: Power Wave
21%
Six Flags Great Escape Comet
21%
Six Flags Over Georgia Dahlonega Mine Train
21%
Carowinds Flying Cobras
21%
Six Flags New England Gotham City Gauntlet
21%
Valleyfair! High Roller
21%
Six Flags America Ragin' Cajun
21%
Canada's Wonderland Silver Streak
21%
Six Flags Fiesta Texas Chupacabra
19%
La Ronde Ednor - L'Attaque
19%
Six Flags Over Georgia Georgia Gold Rusher
19%
Six Flags Darien Lake Hoot N Holler
19%
Six Flags Discovery Kingdom Sidewinder Safari
19%
Canada's Wonderland Thunder Run
19%
Six Flags Over Texas Wile E. Coyote's Grand Canyon Blaster
19%
Six Flags America | Six Flags New England Great Chase
17%
La Ronde Marche Du Mille-pattes
17%
Six Flags America Professor Screamore's Sidewinder
17%
Six Flags St. Louis River King Mine Train
17%
Six Flags New England Thunderbolt
17%
Six Flags Mexico Batgirl
15%
Six Flags Fiesta Texas Batgirl Coaster Chase
15%
Valleyfair! | Worlds of Fun Cosmic Coaster
15%
Six Flags St. Louis Rookie Racer
15%
Six Flags Mexico Tsunami
15%
Kings Island Great Pumpkin Coaster
13%
La Ronde Toboggan Nordique
13%
Six Flags Great Escape Frankie's Mine Train
11%
Worlds of Fun Spinning Dragons
9%
No matching quizzes found
Score Distribution
Percent of People with Each Score
Percentile by Number Answered
Your Score History
You have not taken this quiz